[Event "Fortaleza Gadelha Memorial"]
[Site "Fortaleza"]
[Date "2019.08.17"]
[Round "4"]
[White "Parente, Renan Braz"]
[Black "Barreto, Ignacio C de Barro"]
[Result "1-0"]
[WhiteElo "2190"]
[BlackElo "2059"]
[PlyCount "63"]
[EventDate "2019.08.15"]
[EventType "swiss"]
[EventRounds "7"]
[EventCountry "BRA"]
[SourceTitle "CBM 191 Extra"]
[Source "ChessBase"]
[SourceDate "2019.09.30"]
[SourceVersion "1"]
[SourceVersionDate "2019.09.30"]
[SourceQuality "1"]

1. d4 f5 2. Nf3 Nf6 3. Bf4 d6 4. e3 h6 5. Bc4 g5 6. Bg3 Bg7 7. h4 g4 8. Nfd2 Nh5 9. Nc3 e5 10. Qe2 Nc6 11. 0-0-0 Na5 12. dxe5 Nxg3 13. fxg3 Bxe5 14. e4 c6 15. exf5 Bxf5 16. Rhf1 Qd7 17. Rxf5 Qxf5 18. Rf1 Qg6 19. Bf7+ Qxf7 20. Rxf7 Kxf7 21. Qxg4 Ke7 22. Nf3 Bxc3 23. bxc3 b5 24. Qg7+ Ke6 25. Nd4+ Kd5 26. Qf7+ Kc5 27. Qc7 Rhc8 28. Qxa5 d5 29. a4 a6 30. Qb4+ Kb6 31. a5+ Kb7 32. Qc5 1-0

[Event "Fortaleza Gadelha Memorial"]
[Site "Fortaleza"]
[Date "2019.08.16"]
[Round "3"]
[White "Barreto, Ignacio C de Barro"]
[Black "Costa, Francisco Sergio Vi"]
[Result "1-0"]
[WhiteElo "2059"]
[BlackElo "1443"]
[PlyCount "65"]
[EventDate "2019.08.15"]
[EventType "swiss"]
[EventRounds "7"]
[EventCountry "BRA"]
[SourceTitle "CBM 191 Extra"]
[Source "ChessBase"]
[SourceDate "2019.09.30"]
[SourceVersion "1"]
[SourceVersionDate "2019.09.30"]
[SourceQuality "1"]

1. c4 Nf6 2. Nc3 g6 3. e4 d6 4. d4 Bg7 5. Be2 0-0 6. Be3 e5 7. d5 c5 8. g4 Qd7 9. g5 Ne8 10. h4 f6 11. gxf6 Nxf6 12. h5 Qf7 13. Nh3 Bxh3 14. Rxh3 Nbd7 15. hxg6 Qxg6 16. Rg3 Qe8 17. Bh6 Rf7 18. Qd2 Qe7 19. 0-0-0 Nf8 20. Bg5 Ng6 21. Bg4 Nf4 22. Bf5 Qe8 23. Rh1 N4h5 24. Rgh3 Kh8 25. Bxf6 Bxf6 26. Rxh5 Qe7 27. Rxh7+ Rxh7 28. Rxh7+ Qxh7 29. Bxh7 Kxh7 30. Qe2 Rg8 31. Qh5+ Kg7 32. Qg4+ Kf7 33. Qe6+ 1-0

[Event "American Continental 15th"]
[Site "Sao Paulo"]
[Date "2019.07.09"]
[Round "7"]
[White "Cadilhac, Igor Tokuichi Kikuc"]
[Black "Barreto, Ignacio C de Barro"]
[Result "1-0"]
[WhiteElo "2291"]
[BlackElo "2101"]
[PlyCount "113"]
[EventDate "2019.07.05"]
[EventType "swiss"]
[EventRounds "11"]
[EventCountry "BRA"]
[SourceTitle "CBM 191 Extra"]
[Source "ChessBase"]
[SourceDate "2019.09.30"]
[SourceVersion "1"]
[SourceVersionDate "2019.09.30"]
[SourceQuality "1"]

1. e4 e5 2. Nf3 Nc6 3. Nc3 g6 4. d4 exd4 5. Nxd4 Bg7 6. Be3 d6 7. f3 Nf6 8. Qd2 0-0 9. 0-0-0 Re8 10. g4 Be6 11. h4 Nxd4 12. Bxd4 c5 13. Bf2 Qa5 14. a3 Red8 15. g5 Nh5 16. Nd5 Qxd2+ 17. Rxd2 Bxd5 18. Rxd5 Nf4 19. Rd2 Be5 20. Bc4 Rab8 21. Be3 Kg7 22. Rg1 b5 23. Bd5 c4 24. Rg4 c3 25. bxc3 Nxd5 26. Rxd5 Bxc3 27. Rd3 b4 28. axb4 Bxb4 29. Bxa7 Ra8 30. Bd4+ Kf8 31. h5 Rdc8 32. hxg6 hxg6 33. Rh4 Ke7 34. Bb2 Rc4 35. Rd4 Rxd4 36. Bxd4 Ke6 37. f4 Ra5 38. Rh8 d5 39. f5+ gxf5 40. Rh6+ Ke7 41. exf5 Bc5 42. Bxc5+ Rxc5 43. Rh7 Ke8 44. g6 fxg6 45. fxg6 Kf8 46. Rd7 Kg8 47. Kd2 Kf8 48. Kd3 Kg8 49. c3 Kf8 50. Rf7+ Kg8 51. Rf3 Kg7 52. Kd4 Ra5 53. Rg3 Ra8 54. Kxd5 Rd8+ 55. Kc4 Rc8+ 56. Kb3 Rb8+ 57. Kc2 1-0

[Event "Natal Potiguar op 11th"]
[Site "Natal"]
[Date "2019.06.08"]
[Round "3"]
[White "Barreto, Ignacio C de Barro"]
[Black "Da Silva Neto, Emanuel Tavares"]
[Result "1-0"]
[WhiteElo "2141"]
[BlackElo "1642"]
[PlyCount "54"]
[EventDate "2019.06.07"]
[EventType "swiss"]
[EventRounds "6"]
[EventCountry "BRA"]
[SourceTitle "EXT 2020"]
[Source "ChessBase"]
[SourceDate "2019.10.17"]
[SourceVersion "1"]
[SourceVersionDate "2019.10.17"]
[SourceQuality "1"]

1. e4 c5 2. Nc3 d6 3. f4 e6 4. Nf3 Nf6 5. g3 d5 6. e5 Nfd7 7. d4 cxd4 8. Nxd4 a6 9. Be3 Bc5 10. Qd2 Qb6 11. Na4 Qb4 12. Nxc5 Qxd2+ 13. Kxd2 Nxc5 14. Bg2 Ncd7 15. b3 Nc6 16. Rac1 Nxd4 17. Bxd4 b5 18. c4 bxc4 19. bxc4 Bb7 20. Rb1 Bc6 21. cxd5 Bxd5 22. Bxd5 exd5 23. Rb7 Ke7 24. Bc5+ Ke6 25. f5+ Kxe5 26. Rxd7 Kxf5 27. Rf1+ Kg4 1-0

[Event "Natal Potiguar op 11th"]
[Site "Natal"]
[Date "2019.06.08"]
[Round "4"]
[White "De Oliveira, Moises Alves Leite"]
[Black "Barreto, Ignacio C de Barro"]
[Result "1/2-1/2"]
[WhiteElo "1698"]
[BlackElo "2141"]
[PlyCount "54"]
[EventDate "2019.06.07"]
[EventType "swiss"]
[EventRounds "6"]
[EventCountry "BRA"]
[SourceTitle "EXT 2020"]
[Source "ChessBase"]
[SourceDate "2019.10.17"]
[SourceVersion "1"]
[SourceVersionDate "2019.10.17"]
[SourceQuality "1"]

1. e4 e5 2. Nf3 d6 3. d4 Nf6 4. Bd3 Nbd7 5. c3 Be7 6. h3 c6 7. Be3 Qc7 8. Nbd2 0-0 9. 0-0 Re8 10. Rc1 Bf8 11. Qc2 g6 12. Rfe1 Bg7 13. Nb3 Nh5 14. Qd2 Nf8 15. Bh6 Ne6 16. Bb1 Nef4 17. Bxg7 Kxg7 18. Rcd1 Bxh3 19. gxh3 Qc8 20. Nh2 Qxh3 21. f3 Qg3+ 22. Kf1 Qh4 23. Ng4 Ng3+ 24. Kg1 Nh3+ 25. Kg2 Nf4+ 26. Kg1 Nh3+ 27. Kg2 Nf4+ 1/2-1/2

[Event "Natal Potiguar op 11th"]
[Site "Natal"]
[Date "2019.06.07"]
[Round "2"]
[White "Picasso Gallego, Nicolas"]
[Black "Barreto, Ignacio C de Barro"]
[Result "1-0"]
[WhiteElo "1795"]
[BlackElo "2141"]
[PlyCount "145"]
[EventDate "2019.06.07"]
[EventType "swiss"]
[EventRounds "6"]
[EventCountry "BRA"]
[SourceTitle "EXT 2020"]
[Source "ChessBase"]
[SourceDate "2019.10.17"]
[SourceVersion "1"]
[SourceVersionDate "2019.10.17"]
[SourceQuality "1"]

1. d4 Nf6 2. c4 Nc6 3. Nc3 e5 4. e3 Bb4 5. d5 Ne7 6. Qb3 a5 7. Nf3 d6 8. Be2 Ne4 9. 0-0 Bxc3 10. bxc3 f5 11. Nd2 Nc5 12. Qc2 0-0 13. Nb3 Nd7 14. a4 b6 15. f4 Ng6 16. Ba3 Nf6 17. fxe5 Nxe5 18. Nd4 g6 19. Rae1 Bd7 20. Bc1 Ne4 21. Nb5 h5 22. Bd3 Nc5 23. Be2 Rc8 24. Ba3 Ne4 25. Bd3 Qh4 26. Re2 Ng4 27. g3 Nxg3 28. hxg3 Qxg3+ 29. Kh1 Nxe3 30. Rxe3 Qxe3 31. Bc1 Qh3+ 32. Kg1 Rf7 33. Rf2 Re8 34. Bf1 Re1 35. Qd2 Rfe7 36. Qg5 Qg4+ 37. Qxg4 hxg4 38. Bg5 R7e4 39. Kg2 Bxb5 40. axb5 Rxf1 41. Kxf1 Rxc4 42. Rc2 a4 43. Bc1 Kf7 44. Ke2 Kf6 45. Kd3 Re4 46. c4 g3 47. Rg2 Ke5 48. Rxg3 Rd4+ 49. Kc3 Rg4 50. Re3+ Re4 51. Rg3 Rg4 52. Re3+ Kf6 53. Kb4 Rg1 54. Bb2+ Kg5 55. Kxa4 f4 56. Re6 Kf5 57. Bd4 Rd1 58. Bf6 g5 59. Bd8 g4 60. Rf6+ Ke4 61. Bxc7 g3 62. Bxb6 f3 63. Kb3 g2 64. Rg6 Rb1+ 65. Kc2 Ra1 66. Kc3 Ra2 67. Rxd6 f2 68. Bxf2 Rxf2 69. Rg6 Kf4 70. b6 Rf3+ 71. Kb4 Rg3 72. b7 g1Q 73. b8Q+ 1-0

[Event "Recife Tavares Memorial 2nd"]
[Site "Recife"]
[Date "2019.05.12"]
[Round "5"]
[White "Deus Filho, Joaquim"]
[Black "Barreto, Ignacio C de Barro"]
[Result "1-0"]
[WhiteElo "1928"]
[BlackElo "2187"]
[PlyCount "56"]
[EventDate "2019.05.10"]
[EventType "swiss"]
[EventRounds "6"]
[EventCountry "BRA"]
[SourceTitle "CBM 190 Extra"]
[Source "ChessBase"]
[SourceDate "2019.07.15"]
[SourceVersion "1"]
[SourceVersionDate "2019.07.15"]
[SourceQuality "1"]

1. e4 e5 2. Bc4 Nf6 3. d3 c6 4. Nf3 d5 5. exd5 cxd5 6. Bb5+ Bd7 7. Bxd7+ Nbxd7 8. 0-0 Bd6 9. Nc3 h6 10. Nh4 g6 11. Qf3 Be7 12. g3 d4 13. Ne2 Nc5 14. b4 Ne6 15. Qxb7 Qd5 16. Qa6 Kf8 17. Bd2 Kg7 18. f4 e4 19. f5 Nc7 20. Qa4 g5 21. Ng2 e3 22. Be1 Ng4 23. c4 Qd8 24. Qc6 Bf6 25. Rd1 h5 26. b5 Ne5 27. Qc5 Ng4 28. h3 Ne5 1-0

[Event "Recife Tavares Memorial 2nd"]
[Site "Recife"]
[Date "2019.05.10"]
[Round "2"]
[White "Barreto, Ignacio C de Barro"]
[Black "Fernandes, Mauricio Santos"]
[Result "0-1"]
[WhiteElo "2187"]
[BlackElo "1930"]
[PlyCount "56"]
[EventDate "2019.05.10"]
[EventType "swiss"]
[EventRounds "6"]
[EventCountry "BRA"]
[SourceTitle "CBM 190 Extra"]
[Source "ChessBase"]
[SourceDate "2019.07.15"]
[SourceVersion "1"]
[SourceVersionDate "2019.07.15"]
[SourceQuality "1"]

1. c4 Nf6 2. Nc3 e5 3. g3 d5 4. cxd5 Nxd5 5. Nf3 Nc6 6. Bg2 Be6 7. 0-0 Be7 8. d3 g5 9. d4 Nxc3 10. bxc3 e4 11. Nd2 f5 12. g4 f4 13. Nxe4 Bxg4 14. Qb3 Na5 15. Qb5+ c6 16. Qd3 0-0 17. c4 Qd7 18. d5 Qf5 19. Bb2 Bxe2 20. Qc3 Kf7 21. d6 Bd8 22. Qg7+ Ke8 23. Rfe1 Rf7 24. Qc3 f3 25. Ng3 Qg4 26. h3 Qxc4 27. Qe5+ Kd7 28. Nxe2 fxe2 0-1

[Event "Recife Tavares Memorial 2nd"]
[Site "Recife"]
[Date "2019.05.10"]
[Round "1"]
[White "Leite, Joao Carlos Zirpoli"]
[Black "Barreto, Ignacio C de Barro"]
[Result "0-1"]
[WhiteElo "1626"]
[BlackElo "2187"]
[PlyCount "50"]
[EventDate "2019.05.10"]
[EventType "swiss"]
[EventRounds "6"]
[EventCountry "BRA"]
[SourceTitle "CBM 190 Extra"]
[Source "ChessBase"]
[SourceDate "2019.07.15"]
[SourceVersion "1"]
[SourceVersionDate "2019.07.15"]
[SourceQuality "1"]

1. e4 c5 2. Nf3 d6 3. d4 cxd4 4. Nxd4 Nf6 5. Nc3 a6 6. Be2 e6 7. Be3 Qc7 8. Nb3 b5 9. a3 Bb7 10. f3 Nbd7 11. Qd2 Rc8 12. g4 d5 13. g5 dxe4 14. gxf6 exf3 15. Bd3 f2+ 16. Kxf2 Bxh1 17. Rxh1 Nxf6 18. Ke1 b4 19. Nb1 bxa3 20. bxa3 Nd5 21. Bxa6 Nxe3 22. Bxc8 Nxc2+ 23. Kd1 Nxa3 24. Nxa3 Qxc8 25. Nc2 Qb7 0-1

[Event "Joao Pessoa Fischer Memorial 10th"]
[Site "Joao Pessoa"]
[Date "2019.03.31"]
[Round "5"]
[White "Barbosa, Eugenio Seve de Me"]
[Black "Barreto, Ignacio C de Barro"]
[Result "0-1"]
[WhiteElo "1977"]
[BlackElo "2207"]
[PlyCount "66"]
[EventDate "2019.03.29"]
[EventType "swiss"]
[EventRounds "6"]
[EventCountry "BRA"]
[SourceTitle "CBM 190 Extra"]
[Source "ChessBase"]
[SourceDate "2019.07.15"]
[SourceVersion "1"]
[SourceVersionDate "2019.07.15"]
[SourceQuality "1"]

1. d4 f5 2. Bg5 Nf6 3. Bxf6 exf6 4. e3 d5 5. c4 Be6 6. cxd5 Bxd5 7. Nc3 Bf7 8. Bd3 g6 9. h4 h5 10. Nge2 Nd7 11. Rc1 c6 12. Nf4 Bd6 13. Qf3 Qe7 14. a3 Nf8 15. Nce2 Rd8 16. Bc4 Qe4 17. Bxf7+ Kxf7 18. Qxe4 fxe4 19. f3 exf3 20. gxf3 Ne6 21. Nxe6 Kxe6 22. f4 Rdg8 23. Kf2 g5 24. fxg5 fxg5 25. hxg5 Rxg5 26. e4 Rg4 27. Ke3 h4 28. e5 Bf8 29. Nf4+ Kf5 30. Nd3 Bh6+ 31. Kf2 Bxc1 32. Nxc1 Rxd4 33. Ne2 Rd2 0-1

[Event "Joao Pessoa Fischer Memorial 10th"]
[Site "Joao Pessoa"]
[Date "2019.03.30"]
[Round "3"]
[White "Quaranta Neto, Francisco"]
[Black "Barreto, Ignacio C de Barro"]
[Result "1-0"]
[WhiteElo "1977"]
[BlackElo "2207"]
[PlyCount "55"]
[EventDate "2019.03.29"]
[EventType "swiss"]
[EventRounds "6"]
[EventCountry "BRA"]
[SourceTitle "CBM 190 Extra"]
[Source "ChessBase"]
[SourceDate "2019.07.15"]
[SourceVersion "1"]
[SourceVersionDate "2019.07.15"]
[SourceQuality "1"]

1. d4 d6 2. e4 Nf6 3. Nc3 Nbd7 4. f4 e5 5. Nf3 exd4 6. Qxd4 c6 7. Be3 d5 8. 0-0-0 c5 9. Qa4 d4 10. Nxd4 cxd4 11. Bxd4 Be7 12. e5 Nh5 13. Be3 g6 14. Bb5 a6 15. Rd2 Rb8 16. Be2 b5 17. Qb3 Ng7 18. Rhd1 0-0 19. Bf3 Nf5 20. Ba7 Qc7 21. Bxb8 Nxb8 22. Nd5 Qa7 23. g4 Ng7 24. Nf6+ Bxf6 25. exf6 Ne6 26. f5 Nf4 27. Qb4 Qe3 28. Kb1 1-0

[Event "Joao Pessoa Fischer Memorial 10th"]
[Site "Joao Pessoa"]
[Date "2019.03.29"]
[Round "1"]
[White "Campos, Otavio Moraes"]
[Black "Barreto, Ignacio C de Barro"]
[Result "0-1"]
[WhiteElo "1672"]
[BlackElo "2207"]
[PlyCount "50"]
[EventDate "2019.03.29"]
[EventType "swiss"]
[EventRounds "6"]
[EventCountry "BRA"]
[SourceTitle "CBM 190 Extra"]
[Source "ChessBase"]
[SourceDate "2019.07.15"]
[SourceVersion "1"]
[SourceVersionDate "2019.07.15"]
[SourceQuality "1"]

1. d4 Nf6 2. c4 c5 3. d5 e6 4. dxe6 fxe6 5. Nf3 d5 6. g3 Nc6 7. Bg2 d4 8. e3 e5 9. exd4 cxd4 10. 0-0 Be7 11. Re1 0-0 12. h3 h6 13. a3 Bf5 14. Nxe5 Nxe5 15. Rxe5 Qd7 16. g4 Bg6 17. g5 Bd6 18. Re1 hxg5 19. Bxg5 Qf5 20. Bh4 Bh5 21. Qb3 d3 22. Bf1 Qg6+ 23. Bg3 Bxg3 24. Bxd3 Bxf2+ 25. Kxf2 Nd5+ 0-1

[Event "Montevideo Duchamp Cup 3rd"]
[Site "Montevideo"]
[Date "2019.02.13"]
[Round "6"]
[White "Lagar, Valentin Alejo"]
[Black "Barreto, Ignacio C de Barro"]
[Result "1/2-1/2"]
[WhiteElo "2196"]
[BlackElo "2212"]
[PlyCount "55"]
[EventDate "2019.02.09"]
[EventType "swiss"]
[EventRounds "9"]
[EventCountry "URU"]
[SourceTitle "CBM 188 Extra"]
[Source "ChessBase"]
[SourceDate "2019.02.26"]
[SourceVersion "1"]
[SourceVersionDate "2019.02.26"]
[SourceQuality "1"]

1. e4 d6 2. d4 Nf6 3. Bd3 e5 4. c3 d5 5. dxe5 Nxe4 6. Nf3 Nc5 7. Bc2 Bg4 8. 0-0 Nc6 9. Bf4 Ne6 10. Bg3 Bc5 11. Nbd2 Bh5 12. Qe2 Bb6 13. Rad1 Qe7 14. b4 a6 15. a4 Nxb4 16. Bb3 Nc5 17. cxb4 Nxb3 18. Nxb3 Qxb4 19. Qd3 Rd8 20. a5 Bg6 21. Qd2 Qxb3 22. axb6 Qxb6 23. Rc1 c5 24. Qc3 Rc8 25. Bh4 Qe6 26. Qa3 Be4 27. Rxc5 0-0 28. Bg3 1/2-1/2

[Event "Montevideo Duchamp Cup 3rd"]
[Site "Montevideo"]
[Date "2019.02.11"]
[Round "4"]
[White "Barreto, Ignacio C de Barro"]
[Black "Gemy Vargas, Jose Daniel"]
[Result "1/2-1/2"]
[WhiteElo "2212"]
[BlackElo "2391"]
[PlyCount "70"]
[EventDate "2019.02.09"]
[EventType "swiss"]
[EventRounds "9"]
[EventCountry "URU"]
[SourceTitle "CBM 188 Extra"]
[Source "ChessBase"]
[SourceDate "2019.02.26"]
[SourceVersion "1"]
[SourceVersionDate "2019.02.26"]
[SourceQuality "1"]

1. c4 Nf6 2. Nc3 e6 3. e4 d5 4. e5 d4 5. exf6 dxc3 6. fxg7 cxd2+ 7. Qxd2 Qxd2+ 8. Bxd2 Bxg7 9. 0-0-0 c5 10. g3 Bd7 11. Bg2 Bc6 12. Bxc6+ Nxc6 13. Ne2 0-0-0 14. Bg5 Rxd1+ 15. Rxd1 Ne5 16. b3 Ng4 17. Be3 Nxe3 18. fxe3 Be5 19. Nf4 b6 20. Rf1 Bd6 21. Nh5 f5 22. e4 Rf8 23. exf5 Rxf5 24. Rxf5 exf5 25. Kd2 Be5 26. Ke3 Kd7 27. Nf4 Kc6 28. Nd5 Kd6 29. a4 Ke6 30. Kf3 Bb8 31. Nf4+ Ke5 32. Ke3 Kf6 33. Nd5+ Ke6 34. Nf4+ Kf6 35. Nd5+ Ke6 1/2-1/2

[Event "Montevideo Duchamp Cup 3rd"]
[Site "Montevideo"]
[Date "2019.02.10"]
[Round "3"]
[White "Barreto, Ignacio C de Barro"]
[Black "Guerrero, Alvaro"]
[Result "1-0"]
[WhiteElo "2212"]
[BlackElo "2096"]
[PlyCount "71"]
[EventDate "2019.02.09"]
[EventType "swiss"]
[EventRounds "9"]
[EventCountry "URU"]
[SourceTitle "CBM 188 Extra"]
[Source "ChessBase"]
[SourceDate "2019.02.26"]
[SourceVersion "1"]
[SourceVersionDate "2019.02.26"]
[SourceQuality "1"]

1. Nf3 g6 2. d4 Bg7 3. e4 d6 4. Bc4 Nf6 5. Qe2 0-0 6. 0-0 c6 7. Bb3 Qc7 8. e5 dxe5 9. dxe5 Nd5 10. h3 e6 11. Re1 Nd7 12. c4 Ne7 13. Bg5 Re8 14. Nc3 h6 15. Bf4 b6 16. Ne4 Rf8 17. Rad1 Kh7 18. Bh2 Kh8 19. Bc2 a5 20. Nd6 Nc5 21. g4 Bd7 22. h4 Kg8 23. Bb1 Rfd8 24. h5 Be8 25. Nh4 g5 26. Nf3 Kf8 27. Nd2 Nc8 28. N2e4 Nxe4 29. Qxe4 Qe7 30. Rd3 Na7 31. f4 c5 32. Rf1 Bc6 33. Qh7 Nc8 34. fxg5 Nxd6 35. gxh6 Nf5 36. hxg7+ 1-0

[Event "Rio de Janeiro Duchamp op 2nd"]
[Site "Rio de Janeiro"]
[Date "2018.11.19"]
[Round "7"]
[White "Hoffman, Alejandro"]
[Black "Barreto, Ignacio C de Barro"]
[Result "1-0"]
[WhiteElo "2479"]
[BlackElo "2222"]
[PlyCount "99"]
[EventDate "2018.11.14"]
[EventType "swiss"]
[EventRounds "9"]
[EventCountry "BRA"]
[SourceTitle "CBM 187 Extra"]
[Source "ChessBase"]
[SourceDate "2018.11.04"]
[SourceVersion "1"]
[SourceVersionDate "2018.11.04"]
[SourceQuality "1"]

1. d4 d5 2. Nf3 Nf6 3. c4 c6 4. e3 Bf5 5. Nc3 e6 6. Nh4 Bg6 7. Nxg6 hxg6 8. h3 Nbd7 9. Qb3 Rb8 10. Be2 a6 11. a4 Bd6 12. Bd2 0-0 13. 0-0 Qe7 14. Rfe1 Ne4 15. Nxe4 dxe4 16. a5 Kh7 17. Qc2 f5 18. b4 e5 19. Rab1 Rbe8 20. Bf1 exd4 21. exd4 f4 22. f3 e3 23. Bc3 Rf5 24. Bd3 Rg5 25. Re2 Rh8 26. Kf1 Kg8 27. Be1 Qe6 28. h4 Rgh5 29. Bxg6 Rxh4 30. Bxh4 Rxh4 31. Kg1 Nf8 32. Bf5 Qh6 33. Bh3 Qg5 34. Qf5 Qg3 35. c5 Nh7 36. Qe6+ Kh8 37. cxd6 Ng5 38. Qe8+ Kh7 39. Bf5+ g6 40. Qxg6+ Kh8 41. Qf6+ Kg8 42. Be6+ Kh7 43. Bf5+ Kg8 44. Rxe3 fxe3 45. Be6+ Kh7 46. Bf5+ Kg8 47. Qd8+ Kg7 48. Qe7+ Nf7 49. Qxe3 Qxd6 50. Bg4 1-0

[Event "Rio de Janeiro Duchamp op"]
[Site "Rio de Janeiro"]
[Date "2017.11.15"]
[Round "6"]
[White "Barreto, Ignacio C de Barro"]
[Black "Muniz, Rafael"]
[Result "0-1"]
[WhiteElo "2265"]
[BlackElo "2252"]
[PlyCount "76"]
[EventDate "2017.11.11"]
[EventType "swiss"]
[EventRounds "9"]
[EventCountry "BRA"]
[SourceTitle "CBM 181 Extra"]
[Source "ChessBase"]
[SourceDate "2017.12.12"]
[SourceVersion "1"]
[SourceVersionDate "2017.12.12"]
[SourceQuality "1"]

1. e4 c5 2. Nf3 d6 3. Nc3 Nf6 4. e5 dxe5 5. Nxe5 a6 6. a4 Qc7 7. d4 e6 8. Be3 Be7 9. Be2 0-0 10. Nd3 cxd4 11. Bxd4 Nc6 12. Be3 e5 13. 0-0 Bf5 14. g4 Be6 15. g5 Nd5 16. Nxd5 Bxd5 17. Bf3 Rad8 18. Bxd5 Rxd5 19. c4 Rd6 20. Qe2 Rfd8 21. Rad1 Nd4 22. Bxd4 Rxd4 23. b3 Bxg5 24. Nb4 Qd7 25. Nd5 Qh3 26. Rxd4 exd4 27. Rd1 Qxb3 28. Rxd4 Qxa4 29. f4 Re8 30. Re4 Rxe4 31. Qxe4 Bd8 32. f5 Qc6 33. Qe5 h6 34. Qb8 Qd7 35. f6 g6 36. Qf4 Kh7 37. h4 h5 38. Qb8 b5 0-1

[Event "Rio de Janeiro Duchamp op"]
[Site "Rio de Janeiro"]
[Date "2017.11.11"]
[Round "1"]
[White "Peixoto, Rudson Marinho"]
[Black "Barreto, Ignacio C de Barro"]
[Result "0-1"]
[WhiteElo "1948"]
[BlackElo "2265"]
[PlyCount "116"]
[EventDate "2017.11.11"]
[EventType "swiss"]
[EventRounds "9"]
[EventCountry "BRA"]
[SourceTitle "CBM 181 Extra"]
[Source "ChessBase"]
[SourceDate "2017.12.12"]
[SourceVersion "1"]
[SourceVersionDate "2017.12.12"]
[SourceQuality "1"]

1. e4 Nc6 2. d4 d5 3. Nc3 dxe4 4. d5 Nb8 5. Nxe4 e6 6. Bc4 Qe7 7. Qe2 c6 8. d6 Qd8 9. Bf4 Nf6 10. 0-0-0 Nbd7 11. Nf3 g6 12. Neg5 Nc5 13. b4 b5 14. Bxb5 cxb5 15. bxc5 Qa5 16. Ne5 Qa3+ 17. Kd2 Qb4+ 18. Kc1 Qxf4+ 19. Qe3 Qxe3+ 20. fxe3 Bh6 21. Ngxf7 Bxe3+ 22. Kb1 0-0 23. c6 Rxf7 24. Nxf7 Kxf7 25. d7 Bxd7 26. cxd7 Rd8 27. Rhf1 Ke7 28. Rf3 Bh6 29. Ra3 Nd5 30. Rdd3 b4 31. Rxa7 Be3 32. Ra5 Bb6 33. Rb5 Bg1 34. Rb7 Bc5 35. Rh3 Kd6 36. a4 Kc6 37. Rb5 Rxd7 38. Kb2 Nc3 39. Rxc3 bxc3+ 40. Kxc3 Rb7 41. Rb3 e5 42. Kc4 Bg1 43. Rf3 e4 44. Rf6+ Kc7 45. a5 Rb1 46. Rf7+ Kc6 47. a6 Kd6 48. a7 Ra1 49. Rxh7 Rxa7 50. Rh6 Rg7 51. h4 Ke5 52. h5 gxh5 53. Rxh5+ Kf4 54. Kd5 e3 55. Rh8 Rxg2 56. c4 Rd2+ 57. Kc6 e2 58. Re8 Be3 0-1

[Event "BRA-ch sf Reg2 83rd"]
[Site "Natal"]
[Date "2016.11.13"]
[Round "3"]
[White "Nunes, Marcelo Basilio"]
[Black "Barreto, Ignacio C de Barro"]
[Result "1/2-1/2"]
[WhiteElo "2065"]
[BlackElo "2267"]
[PlyCount "64"]
[EventDate "2016.11.12"]
[EventType "swiss"]
[EventRounds "7"]
[EventCountry "BRA"]
[SourceTitle "EXT 2018"]
[Source "ChessBase"]
[SourceDate "2017.10.13"]
[SourceVersion "1"]
[SourceVersionDate "2017.10.13"]
[SourceQuality "1"]

1. Nf3 d5 2. d4 c5 3. e3 Nc6 4. b3 cxd4 5. exd4 Nf6 6. Bb2 Bg4 7. Be2 e6 8. Nbd2 Qa5 9. 0-0 Ba3 10. Bxa3 Qxa3 11. c4 0-0 12. c5 Qb2 13. Qc1 Qxc1 14. Rfxc1 Ne4 15. Rc2 Bf5 16. Rb2 f6 17. Bb5 g5 18. Bxc6 bxc6 19. Nf1 a5 20. Rc1 Rf7 21. Ne1 g4 22. Ne3 Rb7 23. Nxf5 exf5 24. Nd3 Kf7 25. Re2 Re8 26. Kf1 Ng5 27. Rxe8 Kxe8 28. Re1+ Kd7 29. Nf4 Rb4 30. Rd1 a4 31. Rd3 Ne4 32. Ne2 Ng5 1/2-1/2

[Event "Fortaleza Alves Memorial 19th"]
[Site "Fortaleza"]
[Date "2014.05.18"]
[Round "6"]
[White "Ribeiro, Matheus Cavalcante"]
[Black "Barreto, Ignacio C de Barro"]
[Result "0-1"]
[WhiteElo "2158"]
[BlackElo "2238"]
[PlyCount "104"]
[EventDate "2014.05.16"]
[EventType "swiss"]
[EventRounds "6"]
[EventCountry "BRA"]
[SourceTitle "CBM 160 Extra"]
[Source "ChessBase"]
[SourceDate "2014.07.01"]
[SourceVersion "1"]
[SourceVersionDate "2014.07.01"]
[SourceQuality "1"]

1. e4 e5 2. Nf3 d6 3. d4 Nf6 4. Nc3 Nbd7 5. Bc4 Be7 6. Bxf7+ Kxf7 7. Ng5+ Kg8 8. Ne6 Qe8 9. Nxc7 Qg6 10. Nxa8 Qxg2 11. Rf1 exd4 12. Qxd4 Ne5 13. f4 Nfg4 14. Qd5+ Nf7 15. Qc4 Bh4+ 16. Kd1 Be6 17. Qb5 Bd7 18. Qe2 Ne3+ 19. Bxe3 Bg4 20. Qxg4 Qxg4+ 21. Kd2 Qc8 22. Nd5 Qxa8 23. Rg1 Kf8 24. Bd4 Rg8 25. Rg4 Bd8 26. Rag1 g6 27. e5 b5 28. Ne3 Nh6 29. R4g3 Bb6 30. Bc3 Bxe3+ 31. Rxe3 Nf5 32. Re2 Qd5+ 33. Kc1 Qc4 34. Rge1 d5 35. e6 Ke8 36. a3 Qxf4+ 37. Kb1 d4 38. Bb4 Rg7 39. Re5 a6 40. Rc5 Rc7 41. Ree5 Rxc5 42. Rxc5 Ne7 43. a4 bxa4 44. b3 axb3 45. cxb3 Qe4+ 46. Ka2 Qxe6 47. Rc1 Qb6 48. Ba3 Nd5 49. Rf1 Nb4+ 50. Kb2 Qb5 51. Re1+ Kd7 52. Re4 Qd3 0-1

[Event "Fortaleza Alves Memorial 19th"]
[Site "Fortaleza"]
[Date "2014.05.17"]
[Round "4"]
[White "Barreto, Ignacio C de Barro"]
[Black "Zaidan Lima, Allan Gadelha"]
[Result "1-0"]
[WhiteElo "2238"]
[BlackElo "2011"]
[PlyCount "105"]
[EventDate "2014.05.16"]
[EventType "swiss"]
[EventRounds "6"]
[EventCountry "BRA"]
[SourceTitle "CBM 160 Extra"]
[Source "ChessBase"]
[SourceDate "2014.07.01"]
[SourceVersion "1"]
[SourceVersionDate "2014.07.01"]
[SourceQuality "1"]

1. e4 c5 2. Nf3 a6 3. c3 d5 4. exd5 Qxd5 5. d4 Bg4 6. Be2 cxd4 7. cxd4 Nf6 8. Nc3 Qa5 9. h3 Bh5 10. Qb3 Qc7 11. Bf4 e5 12. Bxe5 Qc6 13. Nb5 Kd8 14. Nc7 Ra7 15. d5 Qc5 16. 0-0 Nbd7 17. Rac1 Qb4 18. Qxb4 Bxb4 19. Bd4 Bxf3 20. Bxf3 b6 21. Ne6+ fxe6 22. dxe6 Bc5 23. exd7 Bxd4 24. Rc8+ Kxd7 25. Rxh8 Bxb2 26. Rb1 Be5 27. Rxb6 Rc7 28. Rb7 Rxb7 29. Bxb7 a5 30. g3 Ke7 31. f4 Bd4+ 32. Kg2 h6 33. Kf3 Ne8 34. Bc6 Nd6 35. Ra8 Bc3 36. a4 Nf5 37. Bd5 Kd6 38. Bg8 Be1 39. Bh7 Nd4+ 40. Kg4 Nc6 41. Be4 Ne7 42. h4 Bb4 43. Kf3 Ke6 44. g4 Kf6 45. Ra6+ Kf7 46. g5 hxg5 47. fxg5 Nc8 48. Bd5+ Ke7 49. Kg4 Bd2 50. Rc6 Kd7 51. Rc2 Bb4 52. Be6+ Kxe6 53. Rxc8 1-0